Illustrated manual of nursing practice / (Record no. 2356)

MARC details
000 -LEADER
fixed length control field 00592nam a2200193 4500
003 - CONTROL NUMBER IDENTIFIER
control field OSt
005 - DATE AND TIME OF LATEST TRANSACTION
control field 20240718031923.0
008 - FIXED-LENGTH DATA ELEMENTS--GENERAL INFORMATION
fixed length control field 240718b |||||||| |||| 00| 0 eng d
020 ## - INTERNATIONAL STANDARD BOOK NUMBER
International Standard Book Number 0781748879
040 ## - CATALOGING SOURCE
Original cataloging agency DWCL-HMN lib.
Transcribing agency OC
082 ## - DEWEY DECIMAL CLASSIFICATION NUMBER
Edition number Third edition
Classification number Circ. 610.73 Il29 2002
006 - FIXED-LENGTH DATA ELEMENTS--ADDITIONAL MATERIAL CHARACTERISTICS
fixed length control field a
245 ## - TITLE STATEMENT
Title Illustrated manual of nursing practice /
250 ## - EDITION STATEMENT
Edition statement Third edition
260 ## - PUBLICATION, DISTRIBUTION, ETC.
Place of publication, distribution, etc. Philadelphia:
Name of publisher, distributor, etc. Lippincott Williams & Wilkins,
Date of publication, distribution, etc. c2002.
300 ## - PHYSICAL DESCRIPTION
Extent xiii,
Other physical details 1490 p. : ill. ;
Dimensions 26 cm.
650 ## - SUBJECT ADDED ENTRY--TOPICAL TERM
Topical term or geographic name entry element 1. Nursing handbooks, Manuals .
942 ## - ADDED ENTRY ELEMENTS (KOHA)
Source of classification or shelving scheme Dewey Decimal Classification
Suppress in OPAC No
Koha item type Book Circulation
Edition Third edition
Call number prefix Circ.
Holdings
Withdrawn status Lost status Source of classification or shelving scheme Damaged status Not for loan Home library Current library Date acquired Source of acquisition Total Checkouts Full call number Barcode Date last seen Copy number Price effective from Koha item type Uniform Resource Identifier
    Dewey Decimal Classification     College Library College Library 07/30/2003 School Fund   Circ. 610.73 Il29 2002 39132 07/18/2024 c1 07/18/2024 Book Circulation
    Dewey Decimal Classification     College Library College Library 08/26/2004 School Fund   Circ. 610.73 Il29 2002 41016 07/18/2024 c2 07/18/2024 Book Circulation
    Dewey Decimal Classification     College Library College Library 08/26/2004 School Fund   Circ. 610.73 Il29 2002 41017 07/18/2024 c3 07/18/2024 Book Circulation
    Dewey Decimal Classification     College Library College Library 06/21/2010 Donation   Circ. 610.73 Il29 2002 47332 07/18/2024 c4 07/18/2024 Book Circulation